[Event "Sparkassen-Open A"]
[Site "Heusenstamm, Martinsee"]
[Date "2024.11.23"]
[Round "4.26"]
[White "Kuhn, Daniel"]
[Black "Klundt, Klaus"]
[Result "1/2-1/2"]
[WhiteElo "2011"]
[BlackElo "2252"]
[PlyCount "87"]
[EventDate "2024.11.21"]
[WhiteTeam "SK Landau"]
[BlackTeam "SC Heusenstamm"]

1. e4 c5 2. Nc3 e6 3. Nge2 Nc6 4. g3 Nf6 5. Bg2 d5 6. exd5 exd5 7. d4 Bg4 8. h3 Bxe2 9. Qxe2+ Be7 10. dxc5 d4 11. Ne4 Nxe4 12. Qxe4 O-O 13. O-O Bxc5 14. Bf4 Re8 15. Qf5 Bd6 16. Bd5 Re7 17. Bg5 Qd7 18. Qxd7 Rxd7 19. Be4 h6 20. Bd2 Re7 21. Rfe1 Rae8 22. Bxc6 bxc6 23. Kf1 f5 24. Rxe7 Rxe7 25. Re1 Kf7 26. Rxe7+ Bxe7 27. Ke2 Ke6 28. Kd3 Kd5 29. c4+ dxc3 30. bxc3 h5 31. Be3 a6 32. Bd4 g5 33. c4+ Ke6 34. Bg7 g4 35. hxg4 hxg4 36. Kd4 c5+ 37. Ke3 Bd6 38. Bh6 Be5 39. Bf4 Kf6 40. Bh6 Ke6 41. Bf8 Bd6 42. Bh6 Be5 43. Bf8 Bd6 44. Bh6 1/2-1/2

[Event "Sparkassen-Open A"]
[Site "Heusenstamm, Martinsee"]
[Date "2024.11.23"]
[Round "4.27"]
[White "Wolf, Ulrich Martin"]
[Black "Derr, Oleg"]
[Result "1/2-1/2"]
[WhiteElo "2228"]
[BlackElo "2019"]
[PlyCount "26"]
[EventDate "2024.11.21"]
[WhiteTeam "SK Bad Homburg 1927"]
[BlackTeam "VSG 1880 Offenbach"]

1. d4 Nf6 2. Nf3 g6 3. Bg5 Bg7 4. Nbd2 d5 5. c3 O-O 6. e3 Nbd7 7. Bd3 Re8 8. O-O e5 9. dxe5 Nxe5 10. Nxe5 Rxe5 11. Bf4 Re8 12. h3 c5 13. Bb5 Bd7 1/2-1/2

[Event "Sparkassen-Open A"]
[Site "Heusenstamm, Martinsee"]
[Date "2024.11.23"]
[Round "4.28"]
[White "Schröder, Jürgen"]
[Black "Lesny, Florian"]
[Result "0-1"]
[WhiteElo "2020"]
[BlackElo "2222"]
[PlyCount "80"]
[EventDate "2024.11.21"]
[WhiteTeam "SC Matt im Park Ffm"]
[BlackTeam "Schachfreunde Hünstetten"]

1. e4 c5 2. Be2 Nc6 3. f4 e6 4. Nf3 d5 5. d3 Bd6 6. O-O Nge7 7. c3 f6 8. Qe1 O-O 9. Kh1 Qc7 10. Nh4 Bd7 11. Na3 a6 12. Nc2 b5 13. Be3 d4 14. cxd4 cxd4 15. Nxd4 Nxd4 16. Bxd4 Bxf4 17. Bg1 Rac8 18. Bd1 Nc6 19. Qf2 Bh6 20. d4 Nb4 21. Bb3 Kh8 22. d5 exd5 23. exd5 Nc2 24. Rab1 Ne3 25. Rfe1 Rfe8 26. h3 Bg5 27. Qf3 Nxd5 28. Qxd5 Bxh4 29. Rbc1 Bxe1 30. Rxc7 Rxc7 31. Bh2 Bc6 32. Qh5 Rce7 33. Bf7 Bf2 34. Bd6 Re1+ 35. Kh2 Bg1+ 36. Kg3 R1e3+ 37. Kg4 Bd7+ 38. Kh4 R8e4+ 39. g4 Bf2+ 40. Bg3 Bxg3# 0-1

[Event "Sparkassen-Open A"]
[Site "Heusenstamm, Martinsee"]
[Date "2024.11.23"]
[Round "4.29"]
[White "Töpfer, Albrecht"]
[Black "Buchholz, Maja Patricia"]
[Result "0-1"]
[WhiteElo "2170"]
[BlackElo "1972"]
[PlyCount "76"]
[EventDate "2024.11.21"]
[WhiteTeam "SC Fulda"]
[BlackTeam "Wiesbadener SV 1885"]

1. d4 Nf6 2. Nf3 g6 3. Bf4 Bg7 4. c3 O-O 5. Nbd2 d5 6. e3 b6 7. h4 c5 8. Ne5 Nfd7 9. h5 Nxe5 10. Bxe5 Bxe5 11. dxe5 Nc6 12. f4 d4 13. Qf3 dxe3 14. Qxe3 Bg4 15. Qg3 Qd7 16. Be2 Bxe2 17. Kxe2 Qf5 18. Qf3 Rad8 19. Rad1 Qc8 20. Ne4 Qa6+ 21. Kf2 Qxa2 22. Ng5 Qxb2+ 23. Kg3 Rxd1 24. Rxd1 Nb8 25. hxg6 hxg6 26. f5 Qc2 27. Ne4 Nc6 28. Rd2 Qb1 29. f6 Qe1+ 30. Kh3 Nxe5 31. Qf4 exf6 32. Rf2 Nd7 33. Rd2 f5 34. Ng5 Qe5 35. Qh4 Qxc3+ 36. g3 Nf6 37. Rd6 Nh5 38. Nxf7 Qxg3+ 0-1

[Event "Sparkassen-Open A"]
[Site "Heusenstamm, Martinsee"]
[Date "2024.11.23"]
[Round "4.30"]
[White "Sheng, Ming"]
[Black "Mostertman, Milan"]
[Result "1/2-1/2"]
[WhiteElo "2009"]
[BlackElo "2204"]
[PlyCount "85"]
[EventDate "2024.11.21"]
[WhiteTeam "SVG Saarbrücken 1970 e.V."]
[BlackTeam "Groninger Combinatie"]

1. e4 c6 2. Nc3 d5 3. Nf3 dxe4 4. Nxe4 Nf6 5. Qe2 Nxe4 6. Qxe4 Qd5 7. Qh4 Qf5 8. Bd3 Qg4 9. Qg3 h5 10. Ne5 Qxg3 11. hxg3 g6 12. Bc4 e6 13. d4 Bg7 14. Bf4 b6 15. O-O-O Bb7 16. g4 hxg4 17. Rxh8+ Bxh8 18. Nxg4 Nd7 19. f3 b5 20. Be2 a6 21. Be3 Ke7 22. Rh1 Rg8 23. Rh7 Nf8 24. Rh3 Nd7 25. c3 Bg7 26. Rh7 Kf8 27. Bh6 c5 28. dxc5 f5 29. Nf2 Nxc5 30. Be3 Nd7 31. Nh3 Rh8 32. Rxh8+ Bxh8 33. Bd1 e5 34. a4 Bf6 35. axb5 axb5 36. Nf2 Ke7 37. Be2 Bc6 38. Nd3 Nf8 39. Nb4 Kd6 40. Nc2 Ne6 41. Na3 Nc7 42. Ba7 Kd7 43. Bb8 1/2-1/2

[Event "Sparkassen-Open A"]
[Site "Heusenstamm, Martinsee"]
[Date "2024.11.23"]
[Round "4.31"]
[White "de Reuter, Uwe"]
[Black "Hoppstädter, Daniel"]
[Result "1/2-1/2"]
[WhiteElo "2012"]
[BlackElo "2198"]
[PlyCount "43"]
[EventDate "2024.11.21"]
[WhiteTeam "Schachforum Darmstadt 1994"]
[BlackTeam "SC Turm Illingen"]

1. d4 d5 2. c4 c6 3. Nc3 Nf6 4. Nf3 e6 5. g3 Nbd7 6. Bg2 dxc4 7. e4 b5 8. O-O Bb7 9. e5 Nd5 10. Ng5 Be7 11. Qh5 Bxg5 12. Bxg5 Qb6 13. Ne4 O-O 14. Nd6 Qxd4 15. Be3 Nxe3 16. fxe3 Qxe3+ 17. Kh1 Qxe5 18. Qxe5 Nxe5 19. Nxb7 f6 20. Nc5 Kf7 21. Rae1 Ke7 22. Bh3 1/2-1/2

[Event "Sparkassen-Open A"]
[Site "Heusenstamm, Martinsee"]
[Date "2024.11.23"]
[Round "4.32"]
[White "Schwarz, David"]
[Black "Michels, Achim"]
[Result "1/2-1/2"]
[WhiteElo "1948"]
[BlackElo "2163"]
[PlyCount "65"]
[EventDate "2024.11.21"]
[WhiteTeam "SF Birkenfeld"]
[BlackTeam "SC ML Kastellaun"]

1. d4 d5 2. Nf3 c5 3. Bf4 cxd4 4. c3 Qb6 5. Nxd4 f6 6. Nb3 e5 7. Bg3 Be6 8. N1d2 Nc6 9. e3 Rd8 10. Be2 Nh6 11. O-O Be7 12. Nf3 O-O 13. Qc2 Nf7 14. Rfd1 Nd6 15. Nbd2 Rc8 16. Qb3 Qc7 17. Rac1 Na5 18. Qc2 b5 19. Qb1 Bf5 20. Bd3 Qd7 21. e4 dxe4 22. Nxe4 g6 23. Nxd6 Bxd6 24. Bxf5 gxf5 25. Nh4 f4 26. Nf5 fxg3 27. Rxd6 gxf2+ 28. Kxf2 Qc7 29. Rcd1 Rcd8 30. Nh6+ Kg7 31. Nf5+ Kg8 32. Nh6+ Kg7 33. Nf5+ 1/2-1/2

[Event "Sparkassen-Open A"]
[Site "Heusenstamm, Martinsee"]
[Date "2024.11.23"]
[Round "4.33"]
[White "Boeren, Jurriaan"]
[Black "Woestmann, Ulrich"]
[Result "1/2-1/2"]
[WhiteElo "2159"]
[BlackElo "1987"]
[PlyCount "44"]
[EventDate "2024.11.21"]
[WhiteTeam "Kennemer Combinatie"]
[BlackTeam "SV Ahlen 1954 e. V."]

1. e4 c5 2. Nf3 d6 3. d4 cxd4 4. Nxd4 Nf6 5. Nc3 a6 6. h3 e5 7. Nf3 Be6 8. Ng5 Nc6 9. Nxe6 fxe6 10. Bc4 Qd7 11. a3 Be7 12. Be3 b5 13. Ba2 Rc8 14. Qd2 Na5 15. O-O Nc4 16. Qc1 Qc6 17. Bg5 O-O 18. Bxc4 Qxc4 19. Qe3 Qd4 20. Qe2 Qc4 21. Qe3 Qd4 22. Qe2 Qc4 1/2-1/2

[Event "Sparkassen-Open A"]
[Site "Heusenstamm, Martinsee"]
[Date "2024.11.23"]
[Round "4.34"]
[White "Neurohr, Jürgen"]
[Black "Aravindhan, Achyuth"]
[Result "0-1"]
[WhiteElo "1999"]
[BlackElo "2156"]
[PlyCount "74"]
[EventDate "2024.11.21"]
[WhiteTeam "Sfr.Mainz 1928"]
[BlackTeam "Club Zukertort"]

1. c4 Nf6 2. Nf3 g6 3. Nc3 Bg7 4. e4 d6 5. Be2 O-O 6. d4 e5 7. Be3 Ng4 8. Bg5 f6 9. Bh4 Nc6 10. d5 Ne7 11. Nd2 f5 12. Bxg4 fxg4 13. Bg5 h6 14. Be3 c5 15. a3 h5 16. b4 b6 17. Qa4 a5 18. bxc5 bxc5 19. Rb1 Bd7 20. Qc2 Kh7 21. O-O Ng8 22. Rb7 Bc8 23. Rb2 Bh6 24. Bxh6 Nxh6 25. Rfb1 h4 26. g3 Qf6 27. Rf1 Nf7 28. f3 gxf3 29. Rxf3 Qg5 30. Nf1 Bg4 31. Rf2 Qh5 32. Rb7 Kg8 33. Qb2 Ng5 34. Rxf8+ Rxf8 35. Rb8 Nh3+ 36. Kg2 Bf3+ 37. Kxh3 Qg4# 0-1

[Event "Sparkassen-Open A"]
[Site "Heusenstamm, Martinsee"]
[Date "2024.11.23"]
[Round "4.35"]
[White "Restorff, Felix"]
[Black "Ahrends, Norbert"]
[Result "1-0"]
[WhiteElo "2151"]
[BlackElo "1979"]
[PlyCount "41"]
[EventDate "2024.11.21"]
[WhiteTeam "SV Blau-Weiß Concordia 07/24 Vie"]
[BlackTeam "SK 1980 Gernsheim"]

1. d4 d5 2. Bf4 Bf5 3. e3 Nf6 4. c4 e6 5. Nc3 c6 6. Qb3 Qb6 7. c5 Qxb3 8. axb3 Nbd7 9. b4 Nh5 10. b5 e5 11. Bg3 Nxg3 12. hxg3 Kd8 13. b4 exd4 14. exd4 Nf6 15. Nf3 cxb5 16. Ne5 Be6 17. Bxb5 Ne4 18. Nxe4 dxe4 19. Bc4 Bxc4 20. Nxc4 f6 21. Nb6 1-0

[Event "Sparkassen-Open A"]
[Site "Heusenstamm, Martinsee"]
[Date "2024.11.23"]
[Round "4.36"]
[White "Tornay Gomez, Josu"]
[Black "Musiienko, Tymur"]
[Result "0-1"]
[WhiteElo "1993"]
[BlackElo "2141"]
[PlyCount "92"]
[EventDate "2024.11.21"]
[WhiteTeam "SJ Herborn 1998"]
[BlackTeam "Wiesbadener SV 1885"]

1. e4 e5 2. Nf3 Nc6 3. d4 exd4 4. Nxd4 Nf6 5. Nxc6 bxc6 6. e5 Qe7 7. Qe2 Nd5 8. h4 d6 9. c4 Nb6 10. exd6 Qxe2+ 11. Bxe2 cxd6 12. Bf3 Kd7 13. Nd2 Be7 14. b4 Re8 15. O-O Rb8 16. Bb2 Na4 17. Bxg7 Rxb4 18. h5 Kc7 19. Rfe1 Nc5 20. h6 Be6 21. Nb3 Nd3 22. Re3 Ne5 23. Be4 Bg5 24. Ree1 f5 25. Bc2 Rxc4 26. Bxe5 dxe5 27. Bd3 Rc3 28. Rad1 e4 29. Bb1 Bxh6 30. Nd4 Bd7 31. Ne2 Rc5 32. Ng3 Rb8 33. Nh5 Bg5 34. f4 Bh4 35. g3 Be7 36. g4 Rg8 37. g5 Bxg5 38. Kh2 Be7 39. Rg1 Rxg1 40. Rxg1 Rb5 41. Kh3 Rb2 42. a4 a5 43. Rc1 c5 44. Ng3 Rf2 45. Bc2 Rxf4 46. Ne2 Rf2 0-1

[Event "Sparkassen-Open A"]
[Site "Heusenstamm, Martinsee"]
[Date "2024.11.23"]
[Round "4.37"]
[White "Pfrengle, Tim"]
[Black "Pfarr, Michael"]
[Result "1/2-1/2"]
[WhiteElo "2091"]
[BlackElo "1954"]
[PlyCount "145"]
[EventDate "2024.11.21"]
[WhiteTeam "SC ML Kastellaun"]
[BlackTeam "SK 1928 Mömbris"]

1. e4 c5 2. Nf3 Nc6 3. d4 cxd4 4. Nxd4 Nf6 5. Nc3 e5 6. Ndb5 d6 7. Bg5 a6 8. Na3 b5 9. Nab1 Be7 10. Bxf6 Bxf6 11. a4 b4 12. Nd5 O-O 13. Bc4 Be6 14. O-O Bg5 15. c3 bxc3 16. Nbxc3 a5 17. Nb5 Rc8 18. Qb3 Bxd5 19. Bxd5 Nd4 20. Nxd4 exd4 21. Rad1 Rb8 22. Qc2 Qb6 23. b3 g6 24. Qd3 Bf6 25. g3 Rbc8 26. Bc4 Kg7 27. f4 Qc5 28. g4 Bd8 29. Kh1 Bb6 30. Qh3 h6 31. Rd3 Rce8 32. Qg2 f6 33. Bd5 Rc8 34. Bc4 Rce8 35. Qf3 Qc7 36. Bd5 Qe7 37. Kg2 Rc8 38. Bc4 Rfe8 39. Re1 Rc5 40. Rxd4 g5 41. Rd5 Rxd5 42. Bxd5 Rc8 43. Rf1 Rc2+ 44. Kh1 gxf4 45. Qxf4 Bd4 46. Qf5 Be5 47. Rf2 Rxf2 48. Qxf2 Qc7 49. Bc4 Qd7 50. Qf5 Qxf5 51. exf5 Bc3 52. Kg2 Bb4 53. Kf3 Bc5 54. Ke4 Kf8 55. Kf4 Bb4 56. Be6 Ke7 57. Bd5 Bc3 58. Kg3 Be1+ 59. Kf3 Bd2 60. Kf2 Kf8 61. Ke2 Bb4 62. h4 Ke7 63. Kd3 Bc5 64. Kc4 Bb4 65. Kb5 Be1 66. Kc6 Bb4 67. Bc4 Bc5 68. Kd5 Bb4 69. Ke4 Be1 70. Ke3 Bb4 71. Bd5 Be1 72. Kf4 Bb4 73. Ke3 1/2-1/2

[Event "Sparkassen-Open A"]
[Site "Heusenstamm, Martinsee"]
[Date "2024.11.23"]
[Round "4.38"]
[White "Werner, Florin"]
[Black "Dordevic, Tom"]
[Result "0-1"]
[WhiteElo "1963"]
[BlackElo "2123"]
[PlyCount "82"]
[EventDate "2024.11.21"]
[WhiteTeam "VSG 1880 Offenbach"]
[BlackTeam "SV Mülheim-Nord 1931 e"]

1. e4 c5 2. Nf3 d6 3. d4 cxd4 4. Nxd4 Nf6 5. Nc3 a6 6. Bc4 e6 7. O-O Be7 8. Bb3 O-O 9. f4 Nbd7 10. f5 e5 11. Nf3 Nc5 12. Re1 Bd7 13. Bd5 Bc6 14. b4 Ncd7 15. a3 Rc8 16. Qd3 Bxd5 17. exd5 Qc7 18. Bd2 Nb6 19. Ng5 Qc4 20. Nge4 Qxd3 21. Nxf6+ Bxf6 22. cxd3 e4 23. Rac1 e3 24. Bxe3 Bxc3 25. Bxb6 Bxe1 26. Rxe1 Rfe8 27. Rxe8+ Rxe8 28. Kf2 Re5 29. g4 Kf8 30. d4 Re4 31. h3 Ke7 32. Kf3 Re1 33. f6+ gxf6 34. Kf4 Rf1+ 35. Kg3 Ra1 36. h4 Rxa3+ 37. Kf4 Ra1 38. h5 Rb1 39. Ba5 b6 40. Bxb6 Rxb4 41. Ba7 Rb7 0-1

[Event "Sparkassen-Open A"]
[Site "Heusenstamm, Martinsee"]
[Date "2024.11.23"]
[Round "4.39"]
[White "Berkes, Alexander"]
[Black "Richter, Gerald"]
[Result "1/2-1/2"]
[WhiteElo "2036"]
[BlackElo "1957"]
[PlyCount "93"]
[EventDate "2024.11.21"]
[WhiteTeam "SK Langen"]
[BlackTeam "Siegener Schachverein 1878"]

1. e4 c5 2. Nf3 d6 3. Bb5+ Nd7 4. c3 a6 5. Ba4 b5 6. Bc2 Bb7 7. O-O g6 8. d4 Bg7 9. Qe2 Qc7 10. Re1 Rc8 11. Be3 Ngf6 12. a4 b4 13. Rc1 O-O 14. Nbd2 a5 15. cxb4 axb4 16. Bd3 Ng4 17. Bg5 Ngf6 18. Nb3 Qb8 19. Bb5 Bxe4 20. Bxd7 Bxf3 21. gxf3 Nxd7 22. Qxe7 c4 23. Qxd7 cxb3 24. Be7 Rfe8 25. Bxd6 Qa8 26. Bxb4 Rcd8 27. Qc6 Bxd4 28. Qxa8 Rxa8 29. Bc3 Red8 30. a5 Bxc3 31. Rxc3 Rdb8 32. Kg2 Ra6 33. Ra3 Rb5 34. f4 Kf8 35. Rcxb3 Rxb3 36. Rxb3 Rxa5 37. Re3 Rb5 38. b3 f5 39. Kf3 Rb4 40. Kg2 Rxf4 41. Kf1 Kf7 42. Ke2 h5 43. Rc3 Rb4 44. Kd2 Rf4 45. Ke2 Rb4 46. Kd1 g5 47. Ke2 1/2-1/2

[Event "Sparkassen-Open A"]
[Site "Heusenstamm, Martinsee"]
[Date "2024.11.23"]
[Round "4.40"]
[White "Heppert, Lars"]
[Black "Longo, Massimo"]
[Result "0-1"]
[WhiteElo "1911"]
[BlackElo "2058"]
[PlyCount "106"]
[EventDate "2024.11.21"]
[WhiteTeam "SK Neuburg"]
[BlackTeam "SK Gräfelfing"]

1. Nf3 e6 2. c4 Nf6 3. g3 d5 4. Bg2 d4 5. O-O c5 6. b4 cxb4 7. Bb2 Nc6 8. e3 Bc5 9. exd4 Nxd4 10. Nxd4 Bxd4 11. Qa4+ Bd7 12. Qxb4 Bxb2 13. Qxb2 Bc6 14. d4 O-O 15. Nd2 Bxg2 16. Kxg2 Qd7 17. Nf3 Qc6 18. Rac1 Rfd8 19. Rfd1 b6 20. d5 exd5 21. cxd5 Qb7 22. d6 Rd7 23. Rd3 Rad8 24. Qe5 Ne8 25. Re1 h6 26. Red1 Qc6 27. Kg1 Rxd6 28. Nd4 Qd7 29. R3d2 Rd5 30. Qf4 Nf6 31. Nf3 Rxd2 32. Rxd2 Qe7 33. Rc2 Qd6 34. Qd2 Qe7 35. Qe2 Qe4 36. Qxe4 Nxe4 37. Rc7 a5 38. Rb7 Rd1+ 39. Kg2 Ra1 40. Rxb6 Rxa2 41. Rb8+ Kh7 42. Ne5 Rxf2+ 43. Kg1 Rf5 44. Nd7 g5 45. g4 Rd5 46. Rb7 Kg7 47. Nb8 a4 48. Ra7 Nc3 49. Nc6 Rd1+ 50. Kf2 Rd2+ 51. Ke3 Rxh2 52. Ne5 Re2+ 53. Kd4 Nb5+ 0-1

[Event "Sparkassen-Open A"]
[Site "Heusenstamm, Martinsee"]
[Date "2024.11.23"]
[Round "4.41"]
[White "Karaissaridis, Christos"]
[Black "Surányi, Pál"]
[Result "0-1"]
[WhiteElo "1911"]
[BlackElo "2033"]
[PlyCount "62"]
[EventDate "2024.11.21"]
[WhiteTeam "SK 1947 Sandhausen e.V."]
[BlackTeam "SV 03/25 Koblenz"]

1. d4 Nf6 2. c4 g6 3. Nc3 d5 4. cxd5 Nxd5 5. e4 Nxc3 6. bxc3 Bg7 7. Bc4 c5 8. Qb3 O-O 9. d5 Nd7 10. Nf3 b5 11. Be2 c4 12. Qc2 Nc5 13. O-O f5 14. Ng5 h6 15. Ba3 Nd3 16. Ne6 Bxe6 17. dxe6 fxe4 18. Rad1 Qc7 19. f3 Rad8 20. fxe4 Rxf1+ 21. Kxf1 Qxh2 22. Bxd3 Qh1+ 23. Kf2 Qh4+ 24. Kg1 cxd3 25. Rxd3 Qe1+ 26. Kh2 Be5+ 27. g3 Bxg3+ 28. Rxg3 Rd2+ 29. Qxd2 Qxd2+ 30. Rg2 Qf4+ 31. Kg1 Qxe4 0-1

[Event "Sparkassen-Open A"]
[Site "Heusenstamm, Martinsee"]
[Date "2024.11.23"]
[Round "4.42"]
[White "Werner, Rosalie"]
[Black "Piotraschke, Jens"]
[Result "1-0"]
[WhiteElo "1904"]
[BlackElo "2056"]
[PlyCount "79"]
[EventDate "2024.11.21"]
[WhiteTeam "VSG 1880 Offenbach"]
[BlackTeam "TuS Coswig 1920"]

1. e4 c6 2. d4 d5 3. Nd2 dxe4 4. Nxe4 Nf6 5. Nxf6+ exf6 6. c3 Bd6 7. Bd3 O-O 8. Qc2 Re8+ 9. Ne2 h5 10. Be3 Nd7 11. O-O-O Nf8 12. c4 b5 13. c5 Bb8 14. Be4 Bb7 15. Bf3 Qd7 16. h3 h4 17. Kb1 g6 18. Nc3 b4 19. Ne4 Nh7 20. Nd2 Bc7 21. Qa4 Qf5+ 22. Ka1 a5 23. Bxc6 Bxc6 24. Qxc6 Rec8 25. Qf3 Qc2 26. Rc1 Qd3 27. Rhd1 Qb5 28. Qg4 f5 29. Qxh4 a4 30. Nc4 a3 31. b3 Qe8 32. Rd2 f6 33. f4 Ra6 34. Qf2 g5 35. h4 Qe4 36. g3 Rd8 37. Qg2 gxf4 38. gxf4+ Kh8 39. Qxe4 fxe4 40. d5 1-0

[Event "Sparkassen-Open A"]
[Site "Heusenstamm, Martinsee"]
[Date "2024.11.23"]
[Round "4.43"]
[White "Wachsmann, Dietmar"]
[Black "Peter, Laurenz"]
[Result "0-1"]
[WhiteElo "2014"]
[BlackElo "1879"]
[PlyCount "56"]
[EventDate "2024.11.21"]
[WhiteTeam "SC Groß-Umstadt"]
[BlackTeam "Sportgemeinschaft Kaarst 1912/35"]

1. e4 c5 2. Nf3 e6 3. d4 cxd4 4. Nxd4 a6 5. c4 Nf6 6. Nc3 Qc7 7. a3 Be7 8. Bd3 O-O 9. O-O d6 10. f4 Nbd7 11. g4 d5 12. cxd5 Bc5 13. Be3 e5 14. Nf5 Bxe3+ 15. Nxe3 Qb6 16. Qf3 exf4 17. Qxf4 Ne5 18. Be2 Bxg4 19. Na4 Qa7 20. Rf2 Ng6 21. Qxf6 gxf6 22. Nxg4 Nf4 23. Bf1 h5 24. Nxf6+ Kh8 25. Bg2 Rg8 26. Nxg8 Rxg8 27. Kf1 Qe3 28. Bf3 Nd3 0-1

[Event "Sparkassen-Open A"]
[Site "Heusenstamm, Martinsee"]
[Date "2024.11.23"]
[Round "4.44"]
[White "Fischermann, Simon"]
[Black "Rosenberger, Frank"]
[Result "0-1"]
[WhiteElo "1885"]
[BlackElo "2055"]
[PlyCount "60"]
[EventDate "2024.11.21"]
[WhiteTeam "SG Porz e. V."]
[BlackTeam "SK 1980 Gernsheim"]

1. e4 d5 2. exd5 Qxd5 3. Nc3 Qd6 4. d4 Nf6 5. Nf3 c6 6. Be2 Bf5 7. O-O Nbd7 8. h3 h6 9. Bd3 Bxd3 10. Qxd3 e6 11. Re1 O-O-O 12. a4 Qc7 13. a5 Kb8 14. Qc4 a6 15. Ne4 Nxe4 16. Rxe4 Bd6 17. Ne5 Nxe5 18. dxe5 Bxe5 19. Rxe5 Rd1+ 20. Kh2 Rxc1 21. Rxc1 Qxe5+ 22. g3 Rd8 23. b4 Rd2 24. Kg1 g6 25. Rf1 f5 26. b5 cxb5 27. Qb4 Qd6 28. Qc3 Qd4 29. Qb3 e5 30. Qe6 f4 0-1

[Event "Sparkassen-Open A"]
[Site "Heusenstamm, Martinsee"]
[Date "2024.11.23"]
[Round "4.45"]
[White "Özdemir, Ali Özden"]
[Black "Winand, Edgar"]
[Result "1-0"]
[WhiteElo "2043"]
[BlackElo "1878"]
[PlyCount "117"]
[EventDate "2024.11.21"]
[WhiteTeam "SK Langen"]
[BlackTeam "SF Frankfurt 1921"]

1. e4 d6 2. d4 g6 3. Nc3 Bg7 4. Bg5 h6 5. Be3 Nc6 6. Nge2 e5 7. d5 Nce7 8. Qd2 f5 9. f3 f4 10. Bf2 a6 11. g3 g5 12. gxf4 gxf4 13. Rg1 Bf6 14. O-O-O Kf7 15. Kb1 Ng6 16. Nc1 N8e7 17. Re1 Bd7 18. Nd1 Qc8 19. c4 b6 20. Nd3 Rg8 21. Be2 Bh3 22. Nc3 Qd7 23. Bd1 Nh4 24. Qe2 Bg2 25. Bxh4 Bxh4 26. Rxg2 Bxe1 27. Nxe1 Qh3 28. Rf2 Rg1 29. b4 a5 30. bxa5 Rxa5 31. Nb5 Qd7 32. Rg2 Rxg2 33. Qxg2 Ra8 34. Be2 Rg8 35. Qf2 Ng6 36. Kc2 Rg7 37. Bf1 Ke8 38. Bg2 Qe7 39. Nd3 Nh4 40. Bh3 Qg5 41. Kb3 Kd8 42. Nb4 Ng6 43. Nc6+ Ke8 44. Bf5 Nh4 45. Bh3 Ng6 46. Be6 Nf8 47. Bf5 Qf6 48. Kb4 h5 49. a4 Ng6 50. a5 bxa5+ 51. Kxa5 Nh4 52. Bh3 Kf8 53. Qa7 Kg8 54. Qa8+ Kh7 55. Nxc7 Rg8 56. Qe8 Kh6 57. Ne7 Nxf3 58. Nf5+ Kg5 59. Ne6+ 1-0

[Event "Sparkassen-Open A"]
[Site "Heusenstamm, Martinsee"]
[Date "2024.11.23"]
[Round "4.46"]
[White "Alt, Johannes"]
[Black "Stephanblome, Felix"]
[Result "0-1"]
[WhiteElo "1856"]
[BlackElo "2041"]
[PlyCount "86"]
[EventDate "2024.11.21"]
[WhiteTeam "Sfr.Heidesheim"]
[BlackTeam "SV 1934 Ffm-Griesheim"]

1. d4 d5 2. Nf3 Nf6 3. Bf4 e6 4. e3 c5 5. c3 Nc6 6. Nbd2 cxd4 7. exd4 Nh5 8. Bg5 f6 9. Bh4 Bd6 10. Bb5 Nf4 11. O-O O-O 12. c4 Ne7 13. cxd5 exd5 14. Bg3 Bd7 15. Qb3 a6 16. Bxd7 Ne2+ 17. Kh1 Nxg3+ 18. hxg3 Qxd7 19. Nc4 b5 20. Nxd6 Qxd6 21. Rae1 Rfe8 22. Qd3 Nc6 23. a3 Na5 24. Re2 Rxe2 25. Qxe2 Nc4 26. Re1 Kf7 27. g4 Qd7 28. Qc2 h6 29. b3 Nd6 30. Nh4 Kg8 31. Nf5 Rc8 32. Qd3 Ne4 33. Rxe4 dxe4 34. Qxe4 Re8 35. Qd3 Re1+ 36. Kh2 Qc7+ 37. g3 Ra1 38. d5 Qc1 39. Ne7+ Kf8 40. Ng6+ Kf7 41. Ne5+ Kg8 42. Qe4 Qg1+ 43. Kh3 fxe5 0-1

[Event "Sparkassen-Open A"]
[Site "Heusenstamm, Martinsee"]
[Date "2024.11.23"]
[Round "4.47"]
[White "Shah, Shrey"]
[Black "Capelja, Christian"]
[Result "0-1"]
[WhiteElo "1753"]
[BlackElo "2023"]
[PlyCount "50"]
[EventDate "2024.11.21"]
[WhiteTeam "Amstelveen"]
[BlackTeam "SpVgg Rommelshausen"]

1. e4 c5 2. Nf3 d6 3. d4 cxd4 4. Nxd4 Nf6 5. Nc3 Nc6 6. Bc4 e6 7. Qd2 Be7 8. O-O O-O 9. h3 Bd7 10. Bb3 Na5 11. Qe2 Nxb3 12. axb3 a6 13. Re1 Qc7 14. Bg5 Rac8 15. Bh4 Qc5 16. Red1 Rfd8 17. Bg3 Nh5 18. Bh2 Bf6 19. Nf5 exf5 20. Bxd6 Bb5 21. Nxb5 Qxb5 22. Qxh5 g6 23. Qh6 fxe4 24. Ba3 Bg5 25. c4 Qf5 0-1

[Event "Sparkassen-Open A"]
[Site "Heusenstamm, Martinsee"]
[Date "2024.11.23"]
[Round "4.48"]
[White "Marcziter, Alex"]
[Black "Griesfeller, Sven"]
[Result "0-1"]
[WhiteElo "1988"]
[BlackElo "1818"]
[PlyCount "40"]
[EventDate "2024.11.21"]
[WhiteTeam "Schachgemeinschaft Porz e. V."]
[BlackTeam "Schachdrachen Büdingen-Wächtersb"]

1. e4 e5 2. Nf3 Nc6 3. Bc4 Bc5 4. c3 Nf6 5. d4 exd4 6. b4 b6 7. e5 d5 8. exf6 dxc4 9. Qe2+ Be6 10. b5 Na5 11. fxg7 Rg8 12. cxd4 Qd7 13. O-O O-O-O 14. Bb2 Bf5 15. Ne5 Qe6 16. Qh5 Rxg7 17. d5 Rxd5 18. Nxc4 Rxg2+ 19. Kh1 Be4 20. Nxb6+ axb6 0-1

[Event "Sparkassen-Open A"]
[Site "Heusenstamm, Martinsee"]
[Date "2024.11.23"]
[Round "4.49"]
[White "Windmüller, Simon"]
[Black "Zargaran, Sepas"]
[Result "0-1"]
[WhiteElo "2108"]
[BlackElo "1777"]
[PlyCount "72"]
[EventDate "2024.11.21"]
[WhiteTeam "SC Turm Illingen"]
[BlackTeam "VSG 1880 Offenbach"]

1. d4 Nf6 2. c4 g6 3. Nc3 Bg7 4. e4 d6 5. Nf3 O-O 6. Be2 e5 7. Be3 Nc6 8. d5 Ne7 9. O-O Nh5 10. Ne1 Nf4 11. Nd3 Nxd3 12. Qxd3 f5 13. f3 f4 14. Bf2 g5 15. c5 h5 16. cxd6 cxd6 17. Rac1 Ng6 18. Nb5 g4 19. Nc7 Qg5 20. fxg4 hxg4 21. Nxa8 f3 22. Be3 Nf4 23. Bxf4 exf4 24. Bxf3 gxf3 25. Rxf3 Bg4 26. Nc7 Bxf3 27. Qxf3 Rc8 28. Qh3 Qd8 29. Qe6+ Kh8 30. Qh3+ Kg8 31. Qe6+ Kh8 32. Qf7 f3 33. Rc2 Qh4 34. g3 Qxe4 35. Qe6 Qd4+ 36. Rf2 Qd1+ 0-1

[Event "Sparkassen-Open A"]
[Site "Heusenstamm, Martinsee"]
[Date "2024.11.23"]
[Round "4.50"]
[White "Brehme, Ralf-Peter"]
[Black "Paeslack, Luis"]
[Result "1/2-1/2"]
[WhiteElo "1934"]
[BlackElo "2043"]
[PlyCount "68"]
[EventDate "2024.11.21"]
[WhiteTeam "Vorw.Orient Mainz"]
[BlackTeam "SC Aschaffenburg e.V."]

1. f4 d5 2. Nf3 Nf6 3. g3 e6 4. Bg2 b5 5. a4 b4 6. b3 a5 7. Bb2 Be7 8. O-O O-O 9. e3 c5 10. Re1 Nc6 11. Ne5 Nxe5 12. fxe5 Nd7 13. c4 Bb7 14. d4 Nb6 15. Nd2 Rc8 16. Rc1 Ba6 17. Bf1 cxd4 18. exd4 dxc4 19. Nxc4 Bxc4 20. Bxc4 Bg5 21. Rc2 Nd5 22. Qd3 Qd7 23. Bc1 Bxc1 24. Rexc1 Nc3 25. Rd2 Rcd8 26. Rf1 Qe7 27. Qe3 Rd7 28. Rd3 Rfd8 29. Rf2 Rc7 30. Rfd2 Rcd7 31. Rf2 h6 32. h4 Rc7 33. Rfd2 Nxa4 34. d5 exd5 1/2-1/2